POLITIK ISLAM UNTUK PEMULA

Bibliographic Details
Main Author: Muhammad Khalil Abdul hadi Dr (Author)
Format: Book
Published: Cyberjaya Selangor : Pustaka Permata Ummah Sdn Bhd 2025
Subjects:

MARC

LEADER 00000cam a2200000 7i4500
001 0000327162
005 20260226143337.0
007 t
008 251024t2025 my # g #0000 may d
020 |a 9789672739845 
040 |a MBPJ   |b eng   |c MBPJ   |e rda 
090 0 0 |a 297.272   |b MUH 
100 0 |a Muhammad Khalil Abdul hadi   |c Dr. ,   |e author 
245 1 0 |a POLITIK ISLAM UNTUK PEMULA   |c DR. MUHAMMAD KHALIL ABDUL HADI 
264 1 |a Cyberjaya Selangor :   |b Pustaka Permata Ummah Sdn Bhd   |c 2025 
300 |a viii, 127 pages ;   |c 19 cm. 
336 |a text  |2 rdacontent 
337 |a unmediated  |2 rdamedia 
338 |a volume  |2 rdacarrier 
650 0 |a Islam and politics   |z Malaysia 
650 0 |a Islam and state 
650 0 |a Religion and politics 
999 |a 00423018   |b BUKU   |c PINJAMAN   |e PERPUSTAKAAN KOMUNITI PETALING JAYA